000 00577nam a2200193Ia 4500
005 20250508155849.0
008 008 250505s9999 xx 000 0 eng d
037 _aDissertations
040 _aFEDL
_beng
_cFEDL
041 _aeng
_2eng
084 _a370.7, JAI/DI
_qFEDL
100 _aJain B K
245 0 _aPhilosophy of teacher education as held by some of the teacher educators I.N.U.P. and Delhi
260 _c1964
300 _a81p.
546 _aM. Ed. Dissertation (Delhi University)
942 _cDIS
_h370.7, JAI/DI
999 _c1359706
_d1359706